000 00654 a2200229 4500
001 20819
999 _c20819
_d7499
003 TR-AnTOB
005 20190408221841.0
008 041102s2004 tu tur
020 _a9755100970
041 _atur
050 _aPQ9698.13.O3546
_bM3 2004
090 _aPQ9698.13.O3546 M3 2004
100 _aCoelho, Paulo,
_d1947-
_9117892
245 0 _aPiedra ırmağının kıyısında oturdum ağladım. /
_cPaulo Coelho ; çev. Aykut Derman.
250 _a28. bs.
264 1 _aİstanbul :
_bCan Yayınları,
_c2004
300 _a216 p. ;
_c20 cm.
500 _aOrjinal: Na Margem do Rio Piedra eu Sentei e Chorei
902 _a0003128
942 _cBK